Visualizzazione normale
Vista MARC
- Backy Don
di Personal Name
Records bibliografici associati: 1
001 - CONTROL NUMBER
- control field: 8644
003 - CONTROL NUMBER IDENTIFIER
- control field: IT-RoPau
005 - DATE AND TIME OF LATEST TRANSACTION
- control field: 20140110100557.0
008 - FIXED-LENGTH DATA ELEMENTS
- fixed length control field: 140110|| aca||aabn | a|a d
040 ## - CATALOGING SOURCE
- Original cataloging agency: IT-RoPau
- Transcribing agency: IT-RoPau
100 ## - HEADING--PERSONAL NAME
- Personal name: Backy Don
- Relator term: Autore
- Miscellaneous information: Codice autore SPICS: 13846
- Name of part/section of a work: Sabato triste
670 ## - SOURCE DATA FOUND
- Source citation: Work cat.: (IT-RoPau)98854: Celentano Adriano 1546, Celentanando